000 00558nam a2200217 a 4500
999 _c3709
_d3709
001 3709
003 BD-JhCC
005 20171230183654.0
008 171116s1953 uk a|||| |||| 000 0 eng d
035 _a(BD-JhCC)
040 _aBD-JhCC
_dBD-JhCC
041 _aeng
082 _a507.24
_bALL 1953
100 _aAllcott, A
245 _aThe Young Observers /
_cA. Allcott
260 _aLondon :
_bCassell & Company Ltd,
_c1953
300 _a160 p.;
_c20 cm
490 _aA simple science series for reading and study
650 _aScience
942 _2ddc
_cBK